Circuits and systems

Bibliographic Details
Main Author: Soni, K. M
Format: Book
Published: New Delhi : S. K. Kataria & Sons , 2014
Subjects:

MARC

LEADER 00000cam a2200000 7i4500
001 0000044139
005 20141216.0
008 141216
020 |a 8188458066 
090 0 0 |a 621.3192   |b SON 
100 1 |a Soni, K. M 
245 1 0 |a Circuits and systems   |c Dr. K. M. Soni 
260 |a New Delhi :   |b S. K. Kataria & Sons ,   |c 2014 
650 0 |a Electric circuitss 
650 0 |a Electric engineering   |x Mathematics 
650 0 |a Engineering mathematics 
999 |a 0001324016   |b Book   |c Adult Collection   |e Perbadanan Perpustakaan Awam Johor